Sports Quiz

Random Sports or NBA Quiz

NBA Rookie Challenge (1994) Quiz Stats

 Plays Quiz not verified by Sporcle

Challenge
Share
Tweet
Embed
Score 0/16 Timer 10:00
0 Plays Today
Team Player % Correct
SensationsPenny Hardaway
100%
SensationsNick Van Exel
86.7%
SensationsJamal Mashburn
80%
SensationsShawn Bradley
76.7%
PhenomsLindsey Hunter
73.3%
PhenomsAntonio Davis
73.3%
PhenomsSam Cassell
73.3%
PhenomsToni Kukoc
70%
Team Player % Correct
PhenomsChris Webber
66.7%
PhenomsIsaiah Rider
66.7%
PhenomsBryon Russell
66.7%
PhenomsDino Radja
56.7%
SensationsCalbert Cheaney
53.3%
SensationsPopeye Jones
53.3%
SensationsChris Mills
43.3%
SensationsP.J. Brown
26.7%

You're not logged in!

Compare scores with friends on all Sporcle quizzes.
OR
Log In

You Might Also Like...

Show Comments

Extras

Top Quizzes Today


Score Distribution

Your Account Isn't Verified!

In order to create a playlist on Sporcle, you need to verify the email address you used during registration. Go to your Sporcle Settings to finish the process.

Report this User

Report this user for behavior that violates our Community Guidelines.

Details: